Idaho; (Record no. 51735)
[ view plain ]
| 000 -LEADER | |
|---|---|
| fixed length control field | 01073cam a22002411 4500 |
| 001 - CONTROL NUMBER | |
| control field | rc 01000149 |
| 003 - CONTROL NUMBER IDENTIFIER | |
| control field | DLC |
| 005 - DATE AND TIME OF LATEST TRANSACTION | |
| control field | 20260227111859.0 |
| 008 - FIXED-LENGTH DATA ELEMENTS--GENERAL INFORMATION | |
| fixed length control field | 790725s1885 xx 000 0 eng |
| 010 ## - LIBRARY OF CONGRESS CONTROL NUMBER | |
| LC control number | rc 01000149 |
| 035 ## - SYSTEM CONTROL NUMBER | |
| System control number | (OCoLC)5206081 |
| 040 ## - CATALOGING SOURCE | |
| Original cataloging agency | DLC |
| Transcribing agency | CChiS |
| Modifying agency | UU |
| -- | DLC |
| 042 ## - AUTHENTICATION CODE | |
| Authentication code | premarc |
| 050 00 - LIBRARY OF CONGRESS CALL NUMBER | |
| Classification number | F746 |
| Item number | .O58 |
| 100 1# - MAIN ENTRY--PERSONAL NAME | |
| Personal name | Onderdonk, James Lawrence, |
| Dates associated with a name | 1854-1899. |
| 245 10 - TITLE STATEMENT | |
| Title | Idaho; |
| Remainder of title | facts and statistics concerning its mining, farming, stock-raising, lumbering and other resources and industries. Together with notes on the climate, scenery, game, and mineral springs. Information for the homeseeker, capitalist, prospector, and traveler. |
| Statement of responsibility, etc. | By James L. Onderdonk, territorial controller. |
| 260 ## - PUBLICATION, DISTRIBUTION, ETC. | |
| Place of publication, distribution, etc. | San Francisco, |
| Name of publisher, distributor, etc. | A. L. Bancroft, |
| Date of publication, distribution, etc. | 1885. |
| 300 ## - PHYSICAL DESCRIPTION | |
| Extent | 150 p. |
| Dimensions | 22 cm. |
| 490 0# - SERIES STATEMENT | |
| Series statement | History of the Pacific Northwest, PNW |
| Volume/sequential designation | no. 204, Research Publications, Inc. Microfilm, Reel 20 |
| 530 ## - ADDITIONAL PHYSICAL FORM AVAILABLE NOTE | |
| Additional physical form available note | Also available in digital form on the Internet Archive Web site. |
| 651 #0 - SUBJECT ADDED ENTRY--GEOGRAPHIC NAME | |
| Geographic name | Idaho. |
| 856 41 - ELECTRONIC LOCATION AND ACCESS | |
| Uniform Resource Identifier | <a href="http://hdl.loc.gov/loc.gdc/scd0001.00171677762">http://hdl.loc.gov/loc.gdc/scd0001.00171677762</a> |
No items available.